| 000 | 00579nam a22001930 4500 | ||
|---|---|---|---|
| 003 | PILC | ||
| 005 | 20150826072919.0 | ||
| 008 | /0/1 | ||
| 050 |
_aHX 246 _b.Sh5 1937 |
||
| 100 | 1 |
_aShaw, George Bernard, _d1856-1950. |
|
| 245 | 1 | 4 |
_aThe intelligent woman's guide to socialism, capitalism, sovietism, and fascism / _cBernard Shaw. |
| 260 |
_aHarmondswoth : _bPenguin, _c1937. |
||
| 300 |
_a525 pages ; _c18 cm. |
||
| 440 | _aPelican books. | ||
| 500 | _aIncludes index. | ||
| 650 | _aCapitalism. | ||
| 650 | _aSocialism. | ||
| 942 |
_2lcc _cBK |
||
| 999 |
_c288489 _d288489 |
||